Les disciplines des Gay Games - Statistiques

Statistiques générales
  • Ce quiz a été pris 17 fois
  • Le résultat moyen est 27 sur 96
Statistiques - réponses
Athlétisme Disciplines Présent ... fois Année(s) % Correct
H/F Course {10} km 4 2010 - 2014 - 2018 - 2023
88%
F {100} m haies 6 1982 - 1986 - 1990 - 1994 - 2014 - 2018
76%
H {100} m haies 1 1986
76%
H/F {300} m haies 3 2014 - 2018 - 2023
76%
H/F {400} m 9 1982 - 1986 - 1990 - 1994 - 2006 - 2010 - 2014 - 2018 - 2023
76%
H/F {400} m haies 6 1994 - 2006 - 2010 - 2014 - 2018 - 2023
76%
H/F {100} m 9 1982 - 1986 - 1990 - 1994 - 2006 - 2010 - 2014 - 2018 - 2023
76%
H/F {800} m 9 1982 - 1986 - 1990 - 1994 - 2006 - 2010 - 2014 - 2018 - 2023
71%
H/F Course {5} km 4 2010 - 2014 - 2018 - 2023
71%
H/F {10000} m 9 1982 - 1986 - 1990 - 1994 - 2006 - 2010 - 2014 - 2018 - 2023
65%
H/F {2000} m steeple 1 2018
65%
H/F {3000} m steeple 4 2010 - 2014 - 2018 - 2023
65%
H/F Basket 9 1986 - 1990 - 1994 - 1998 - 2002 - 2010 - 2014 - 2018 - 2023
59%
H/F Boxe 2 1982 - 2018
59%
H/F Football 10 1982 - 1986 - 1990 - 1994 - 1998 - 2006 - 2010 - 2014 - 2018 - 2023
59%
H/F Handball 3 1998 - 2010 - 2018
59%
H/F et mixte Tennis 9 1982 - 1986 - 1990 - 1994 - 1998 - 2010 - 2014 - 2018 - 2023
59%
H/F Volleyball 11 1982 - 1986 - 1990 - 1994 - 1998 - 2002 - 2006 - 2010 - 2014 - 2018 - 2023
59%
H {110} m haies 6 1982 - 1990 - 1994 - 2010 - 2014 - 2018
53%
H/F {5000} m 9 1982 - 1986 - 1990 - 1994 - 2006 - 2010 - 2014 - 2018 - 2023
53%
H/F Judo 5 1990 - 1994 - 1998 - 2002 - 2018
53%
H/F Marche {5000} m 1 2018
53%
H/F Saut en {hauteur} 8 1982 - 1986 - 1990 - 1994 - 2010 - 2014 - 2018 - 2023
53%
H/F Water polo 8 1990 - 1994 - 1998 - 2006 - 2010 - 2014 - 2018 - 2023
53%
H Lutte 11 1982 - 1986 - 1990 - 1994 - 1998 - 2002 - 2006 - 2010 - 2014 - 2018 - 2023
47%
H/F Marathon 7 1982 - 1986 - 1990 - 1994 - 2010 - 2014 - 2023
47%
H/F Natation 11 1982 - 1986 - 1990 - 1994 - 1998 - 2002 - 2006 - 2010 - 2014 - 2018 - 2023
47%
H/F {1500} m 9 1982 - 1986 - 1990 - 1994 - 2006 - 2010 - 2014 - 2018 - 2023
41%
H/F {200} m 9 1982 - 1986 - 1990 - 1994 - 2006 - 2010 - 2014 - 2018 - 2023
41%
H/F Biathlon 1 1994
41%
H Décathlon 9 1982 - 1986 - 1990 - 1994 - 2006 - 2010 - 2014 - 2018 - 2023
41%
Mixte Relais {4 x 100} m 7 1982 - 1986 - 1990 - 1994 - 2010 - 2014 - 2018
41%
H/F Saut {à la perche} 4 1998 - 2010 - 2018 - 2023
41%
H/F Saut en {longueur} 8 1982 - 1986 - 1990 - 1994 - 2010 - 2014 - 2018 - 2023
41%
H/F Tennis de table 6 1994 - 1998 - 2010 - 2014 - 2018 - 2023
41%
H/F Dressage 2 1990 - 1998
35%
H/F Escrime 2 2018 - 2023
35%
H/F Hockey sur gazon 2 2002 - 2018
35%
H/F Lancer de poids 10 1982 - 1986 - 1990 - 1994 - 1998 - 2006 - 2010 - 2014 - 2018 - 2023
35%
F Pentathlon 1 1982
35%
H/F Plongeon 11 1982 - 1986 - 1990 - 1994 - 1998 - 2002 - 2006 - 2010 - 2014 - 2018 - 2023
35%
H/F Golf 7 1982 - 1986 - 1990 - 2006 - 2014 - 2018 - 2023
29%
F Heptathlon 4 1990 - 2010 - 2018 - 2023
29%
H/F Natation {synchronisée} 3 2006 - 2010 - 2018
29%
H Triathlon 8 1986 - 1990 - 1998 - 2002 - 2006 - 2010 - 2014 - 2018
29%
H/F Aviron 4 1998 - 2006 - 2018 - 2023
24%
H/F Beach volley 4 2006 - 2014 - 2018 - 2023
24%
H/F Hockey sur glace 8 1990 - 1994 - 1998 - 2002 - 2006 - 2010 - 2014 - 2018
24%
H/F Lancer de javelot 10 1982 - 1986 - 1990 - 1994 - 1998 - 2006 - 2010 - 2014 - 2018 - 2023
24%
H/F Triple saut 7 1990 - 1994 - 2006 - 2010 - 2014 - 2018 - 2023
24%
H/F Badminton 7 1998 - 2002 - 2006 - 2010 - 2014 - 2018 - 2023
18%
H/F Bowling 11 1982 -1986 - 1990 - 1994 - 1998 - 2002 - 2006 - 2010 - 2014 - 2018 - 2023
18%
H/F Lancer de disque 10 1982 - 1986 - 1990 - 1994 - 1998 - 2006 - 2010 - 2014 - 2018 - 2023
18%
H/F Lancer de marteau 6 1982 - 1986 - 2010 - 2014 - 2018 - 2023
18%
Mixte Relais {4 x 400} m 7 1982 - 1986 - 1990 - 1994 - 2006 - 2010 - 2018
18%
H/F Saut d'obstacles 1 1990
18%
H/F Softball 11 1982 - 1986 - 1990 - 1994 - 1998 - 2002 - 2006 - 2010 - 2014 - 2018 - 2023
18%
H/F Billard 8 1982 -1986 - 1990 - 1994 - 2002 - 2006 - 2010 - 2014
12%
H/F Echecs 2 1998 - 2006
12%
H/F et mixte Fléchettes 3 1990 - 2006 - 2014
12%
H/F Haltérophilie 1 1998
12%
H/F Patinage artistique 5 2006 - 2010 - 2014 - 2018 - 2023
12%
H/F Semi-marathon 3 2014 - 2018 - 2023
12%
H/F Course en {rollers} 1 2010
6%
Mixte Relais {4 x 200} m 6 1986 - 1990 - 1994 - 2010 - 2014 - 2018
6%
H/F Squash 7 1990 - 1998 - 2006 - 2010 - 2014 - 2018 - 2023
6%
H/F Voile 5 2002 - 2006 - 2010 - 2014 - 2018
6%
H/F Western 1 1990
6%
H/F Aérobic 1 1994
0%
H/F Art martial 11 1982 - 1986 - 1990 - 1994 - 1998 - 2002 - 2006 - 2010 - 2014 - 2018 - 2023
0%
H/F Bridge 2 1998 - 2006
0%
F Cheerleading 1 2023
0%
H/F Course de côte 1 1990
0%
H/F Course de {Dragon boats} 1 2023
0%
H/F Course {nature} 1 2023
0%
H/F Course sur piste 1 1998
0%
H/F Course sur route 8 1982 - 1986 - 1990 - 1994 - 1998 - 2006 - 2010 - 2014
0%
Mixte Croquet 1 1990
0%
H/F Culture physique 9 1982 - 1986 - 1990 - 1994 - 1998 - 2002 - 2006 - 2010 - 2014
0%
H/F Cyclo cross 3 1982 - 1990 - 2018
0%
H/F Danse country 1 2006
0%
H/F Danse de salon 2 1998 - 2006
0%
H/F Danse sportive 4 2010 - 2014 - 2018 - 2023
0%
H/F Danse sur glace 1 1994
0%
H/F Dodgeball 1 2023
0%
H/F Escalade sportive 3 1994 - 2010 - 2014
0%
H/F Flag football 3 1994 - 2006 - 2014
0%
H/F Force athlétique 1 1982
0%
H/F Kata 3 1990 - 1994 - 1998
0%
H/F Mahjong 1 2023
0%
H/F Musculation 9 1982 - 1986 - 1990 - 1994 - 1998 - 2002 - 2010 - 2014 - 2023
0%
H/F Natation en {eaux vives} 4 2006 - 2014 - 2018 - 2023
0%
H/F Netball 1 2002
0%
H/F Racquetball 5 1986 - 1990 - 1994 - 2006 - 2014
0%
H/F Tir sportif 1 2010
0%
H/F Touch football 1 1990
0%
Aucun quiz correspondant
Distribution des résultats
% des personnes avec chaque résultat
Percentile par nombre de réponses
Votre historique - résultats
Vous n’avez pas pris ce quiz